Tram stops Gothenburg: number 11 - Statistics

General Stats
  • This quiz has been taken 52 times
  • The average score is 16 of 37
Answer Stats
Order Answer % Correct
16 Brunnsparken
91%
20 Järntorget
84%
37 Saltholmen
84%
15 Centralstationen
75%
17 Domkyrkan
72%
18 Grönsakstorget
69%
21 Masthuggstorget
66%
22 Stigbergstorget
66%
19 Hagakyrkan
63%
13 SKF
63%
14 Gamlestadstorg
59%
27 Mariaplan
59%
28 Sandarna
50%
12 Bellevue
47%
29 Kungssten
44%
24 Majvallen
44%
11 Kviberg
41%
23 Fjällgatan
38%
26 Godhemsgatan
38%
7 Kortedala torg
38%
35 Långedrag
38%
1 Komettorget
34%
2 Rymdtorget
34%
33 Käringberget
31%
25 Ekedal
28%
5 Januarigatan
28%
10 Beväringsgatan
25%
31 Hagen
25%
34 Hinnsholmen
22%
9 Nymånegatan
22%
8 Runstavsgatan
22%
3 Teleskopsgatan
22%
36 Roddföreningen
19%
4 Galileis gata
16%
32 Tranered
16%
6 Allhelgonakyrkan
13%
30 Nya varvsallén
13%
No matching quizzes found
Score Distribution
Percent of People with Each Score
Percentile by Number Answered
Your Score History
You have not taken this quiz